Formas de vida en ciudades medias del centro de México : (Record no. 137445)

MARC details
000 -CABECERA
campo de control de longitud fija 00667nam a2200181 a 4500
005 - FECHA Y HORA DE LA ÚLTIMA TRANSACCIÓN
campo de control 20210223130803.0
008 - ELEMENTOS DE LONGITUD FIJA--INFORMACIÓN GENERAL
campo de control de longitud fija 081107s1983 mx r 000 0 spa d
035 ## - NÚMERO DE CONTROL DEL SISTEMA
Número de control de sistema UPN01000165333
049 ## - COLECCIÓN
Colección UNE
080 ## - NÚMERO DE CLASIFICACIÓN DECIMAL UNIVERSAL
Número de la Clasificación Decimal Universal 392.3 (72) "1983" FER.
100 1# - ASIENTO PRINCIPAL--NOMBRE PERSONAL
Nombre de persona Fernández R., Ma. Estela
245 10 - MENCIÓN DE TÍTULO
Título Formas de vida en ciudades medias del centro de México :
Resto del título Extracto sintético de investigación sociológica /
Mención de responsabilidad, etc. Ma. Estela Fernández R.; Luis Leñero Otero.
260 ## - PUBLICACIÓN, DISTRIBUCIÓN, ETC.
Lugar de publicación, distribución, etc. México :
Nombre del editor, distribuidor, etc. Instituto Mexicano de Estudios Sociales,
Fecha de publicación, distribución, etc. 1983.
300 ## - DESCRIPCIÓN FÍSICA
Extensión 115 p.
690 ## - PUNTO DE ACCESO ADICIONAL DE MATERIA LOCAL--TÉRMINO DE MATERIA (OCLC, RLIN)
Término de materia o nombre geográfico como elemento inicial Familia- Estilos de vida- Mexico
700 1# - ASIENTO SECUNDARIO--NOMBRE DE PERSONAL
Nombre de persona Leñero Otero, Luis,
Fechas asociadas al nombre 1934-
9 (RLIN) 28983
905 ## - TIPO DE MATERIAL
Tipo de material UNESCO
Holdings
Estado de retiro Estado de pérdida Fuente del sistema de clasificación o colocación Estado dañado No para préstamo Código de colección Localización permanente Ubicación/localización actual Ubicación en estantería Fecha de adquisición Clasificación Código de barras Fecha visto por última vez Número de copia Tipo de ítem Koha
    Library of Congress Classification   Disponible (Préstamo en sala) UNESCO Bib. Gregorio Torres Quintero Bib. Gregorio Torres Quintero Colecciones especiales Planta alta 03/02/2023 392.3 (72) "1983" FER U9439 31/12/2020 1 Libro